Pointe Gourde - the edifice shakes (Record no. 117824)
[ view plain ]
| 000 -LEADER | |
|---|---|
| fixed length control field | 01096cam a2200241 4500 |
| 001 - CONTROL NUMBER | |
| control field | ABS68114 |
| 008 - FIXED-LENGTH DATA ELEMENTS--GENERAL INFORMATION | |
| fixed length control field | 040806n2004 000 0 eng u |
| 035 ## - SYSTEM CONTROL NUMBER | |
| System control number | (Sirsi) u127020 |
| 100 ## - MAIN ENTRY--PERSONAL NAME | |
| Personal name | Lewsley, C. |
| 245 ## - TITLE STATEMENT | |
| Title | Pointe Gourde - the edifice shakes |
| 260 ## - PUBLICATION, DISTRIBUTION, ETC. | |
| Date of publication, distribution, etc. | 2004 |
| 490 ## - SERIES STATEMENT | |
| Series statement | Rating and Valuation Reporter |
| Volume/sequential designation | 44(6) June 2004, 134-136(3) |
| 520 ## - SUMMARY, ETC. | |
| Summary, etc. | The historical development, content and application of Pointe Gourde principles were considered by Lord Nicholls in "Waters and Others v Welsh Development Agency" ([2004] UKHL 19, Abs67824). This article provides a commentary on "Waters" looking at issues such as value to the owner, open market value and special adaptability and the Land Compensation Act 1961 s6. |
| 590 ## - LOCAL NOTE (RLIN) | |
| Local note | ABS |
| 590 ## - LOCAL NOTE (RLIN) | |
| Local note | ABS |
| 650 ## - SUBJECT ADDED ENTRY--TOPICAL TERM | |
| Topical term or geographic name entry element | WATERS AND OTHERS V WELSH DEVELOPMENT AGENCY |
| 650 ## - SUBJECT ADDED ENTRY--TOPICAL TERM | |
| Topical term or geographic name entry element | MARKET VALUE |
| 650 ## - SUBJECT ADDED ENTRY--TOPICAL TERM | |
| Topical term or geographic name entry element | RANSOM VALUE |
| 650 ## - SUBJECT ADDED ENTRY--TOPICAL TERM | |
| Topical term or geographic name entry element | POINTE GOURDE QUARRYING AND TRANSPORT CO LTD V CROWN LANDS SUPERINTENDENT |
| 650 ## - SUBJECT ADDED ENTRY--TOPICAL TERM | |
| Topical term or geographic name entry element | LAND COMPENSATION ACT 1961 S6 |
| 690 ## - LOCAL SUBJECT ADDED ENTRY--TOPICAL TERM (OCLC, RLIN) | |
| Topical term or geographic name as entry element | COMPULSORY PURCHASE AND COMPENSATION-CASE LAW |
| 942 ## - ADDED ENTRY ELEMENTS (KOHA) | |
| Suppress in OPAC | 0 |
| Withdrawn status | Lost status | Source of classification or shelving scheme | Damaged status | Not for loan | Home library | Current library | Shelving location | Date acquired | Total Checkouts | Full call number | Barcode | Date last seen | Copy number | Price effective from | Koha item type |
|---|---|---|---|---|---|---|---|---|---|---|---|---|---|---|---|
| Dewey Decimal Classification | London | London | Journal article | 06/08/2004 | ABS68114 | 127020-1001 | 06/08/2019 | 1 | 06/08/2019 | Journal article |